Normal view
MARC view
- Patwari, Dr. A.B. M. Mafizul Islam
Entry Personal Name
001 - CONTROL NUMBER
- control field: 4986
003 - CONTROL NUMBER IDENTIFIER
- control field: OSt
005 - DATE AND TIME OF LATEST TRANSACTION
- control field: 20221127055210.0
008 - FIXED-LENGTH DATA ELEMENTS
- fixed length control field: 221127|| aca||aabn | a|a d
040 ## - CATALOGING SOURCE
- Original cataloging agency: OSt
- Transcribing agency: OSt
100 ## - HEADING--PERSONAL NAME
- Personal name: Patwari, Dr. A.B. M. Mafizul Islam
670 ## - SOURCE DATA FOUND
- Source citation: Work cat.: (OSt)2458: Patwari, Dr. A.B. M. Mafizul Islam , Legal System of Bangladesh /, c2004
